000 00497pab a2200169 454500
008 180718b1998 xxu||||| |||| 00| 0 eng d
100 _aDasgupta, Sreemanta
245 _aWest Bengal and industry: a regional perspective
260 _c1998
300 _ap.3049-060
362 _a21 Nov & 28 Dec
650 _aWest Bengal - Industries
650 _aIndustrial development - India - West Bengal
650 _aIndustrial development
773 _aEconomic and Political Weekly
909 _a39605
999 _c39605
_d39605